000 01114cab a2200241 4500
001 ABS67422
008 040206n2004 000 0 eng u
035 _a(Sirsi) u125077
100 _aCastorina, G.
245 _aFor Crown and country
260 _c2004
490 _aEstates Gazette
_v (0405) 31 January 2004, 141(1)
520 _aExamines the latest position of some of the amendments to The Planning and Compulsory Purchase Bill which have a particular effect on Crown land. The general principle as it now stands is that development on or on behalf of the Crown on Crown land does not require planning permission. The new s292A now stipulates that the Crown can be treated like any other developer or landowner for the purposes of development control, and for the application of planning legislation.
590 _aABS
650 _aCompulsory purchase
_96228
650 _aPLANNING
650 _aPLANNING APPLICATIONS
650 _aTOWN AND COUNTRY PLANNING ACT 1990
650 _aCROWN IMMUNITY
650 _aPLANNING AND COMPULSORY PURCHASE ACT 2004
690 _aCROWN LAND
942 _n0
999 _c74139
_d74139